[Event "CAMPEONATO DE EUSKADI DE VETERANOS"]
[Site "Zarauz"]
[Date "2018.06.23"]
[Round "5.4"]
[White "Fernandez De Pinedo Orive, Jose"]
[Black "Garcia Sanchez, Jose Manuel"]
[Result "1-0"]
[WhiteElo "1850"]
[BlackElo "1670"]
[PlyCount "85"]
[EventDate "2018.06.23"]

1. e4 e5 2. Nf3 d5 3. exd5 e4 4. Qe2 Nf6 5. d3 Qxd5 6. Nc3 Bb4 7. Bd2 Bxc3 8.
Bxc3 O-O 9. dxe4 Nxe4 10. Bd4 Nc6 11. Be3 Bg4 12. Qb5 Rad8 13. Qxd5 Rxd5 14.
Bc4 Rd7 15. Bb5 a6 16. Bxc6 bxc6 17. Ne5 Be6 18. Nxd7 Bxd7 19. O-O Re8 20. Bf4
Be6 21. Bxc7 f6 22. f3 Nc5 23. b3 Kf7 24. Rfe1 Rc8 25. Bg3 a5 26. Rad1 Na6 27.
a3 Nc7 28. Bxc7 Rxc7 29. Rd6 Bd5 30. Rd8 a4 31. b4 Bc4 32. Re3 Be6 33. Rc3 Ke7
34. Ra8 Bd7 35. Rxa4 c5 36. Ra5 c4 37. Rc5 Rxc5 38. bxc5 Bb5 39. Re3+ Kd7 40.
Kf2 h5 41. Ke1 f5 42. Kd2 h4 43. Kc3 1-0

[Event "CAMPEONATO DE EUSKADI DE VETERANOS"]
[Site "Zarauz"]
[Date "2018.06.23"]
[Round "5.5"]
[White "Arranz Arranz, Javier"]
[Black "Junquera Ciaurriz, Maria Teresa"]
[Result "1-0"]
[WhiteElo "1838"]
[BlackElo "1435"]
[PlyCount "53"]
[EventDate "2018.06.23"]

1. e4 d6 2. f4 Nc6 3. Nf3 Nf6 4. Nc3 g6 5. d4 Bg7 6. h3 Nh5 7. g4 Ng3 8. Rg1
Nxf1 9. Rxf1 e5 10. fxe5 dxe5 11. d5 Ne7 12. Be3 Qd6 13. Qd2 Qb4 14. O-O-O Bd7
15. a3 Qa5 16. d6 cxd6 17. Qxd6 Qd8 18. Nxe5 Bxe5 19. Qxe5 Rg8 20. Nd5 Kf8 21.
Nf6 Nc6 22. Qd6+ Qe7 23. Nxd7+ Kg7 24. Qf4 Rgd8 25. Qh6+ Kh8 26. Bg5 Qxe4 27.
Bf6+ 1-0

[Event "CAMPEONATO DE EUSKADI DE VETERANOS"]
[Site "Zarauz"]
[Date "2018.06.23"]
[Round "5.7"]
[White "Feijoo Rubio, Jose Jorge"]
[Black "Martinez De Butron Alberdi, Luis"]
[Result "1-0"]
[WhiteElo "1497"]
[BlackElo "1559"]
[PlyCount "39"]
[EventDate "2018.06.23"]

1. d4 Nf6 2. c4 g6 3. Nc3 d5 4. cxd5 Nxd5 5. e4 Nxc3 6. bxc3 Bg7 7. Be3 O-O 8.
Qd2 c6 9. Bh6 Qa5 10. Bxg7 Kxg7 11. Nf3 Kg8 12. Bc4 Qc7 13. e5 e6 14. Qh6 Qe7
15. Ng5 f5 16. exf6 Rxf6 17. O-O Nd7 18. Bxe6+ Rxe6 19. Nxe6 Qxe6 20. Rfe1 1-0

[Event "CAMPEONATO DE EUSKADI DE VETERANOS"]
[Site "Zarauz"]
[Date "2018.06.23"]
[Round "5.8"]
[White "Aizpurua Zufiria, Inaki"]
[Black "Saenz Zabala, Juan Ignacio"]
[Result "0-1"]
[WhiteElo "1449"]
[BlackElo "1651"]
[PlyCount "66"]
[EventDate "2018.06.23"]

1. f4 e5 2. fxe5 d6 3. d4 Qh4+ 4. g3 Qe4 5. Nf3 dxe5 6. Nc3 Bb4 7. Bg2 Bf5 8.
Kd2 exd4 9. Nh4 dxc3+ 10. bxc3 Qd4+ 11. Ke1 Bxc3+ 12. Bd2 Qxd2+ 13. Qxd2 Bxd2+
14. Kxd2 Bc8 15. Rab1 c6 16. Rhf1 Nf6 17. Nf5 Bxf5 18. Rxf5 O-O 19. Rxb7 Nbd7
20. Bxc6 Rad8 21. Ke1 Nb8 22. Bf3 a6 23. Rb6 Rd4 24. Rg5 Kh8 25. Ra5 Rc4 26.
Rb2 Re8 27. Bb7 Ng4 28. Bd5 Rc7 29. h3 Ne3 30. Bb3 g6 31. c4 Nxc4 32. Bxc4 Rxc4
33. Rb7 Kg8 0-1

[Event "CAMPEONATO DE EUSKADI DE VETERANOS"]
[Site "Zarauz"]
[Date "2018.06.23"]
[Round "6.1"]
[White "Ladron De Guevara Galar, Fco J"]
[Black "Martinez De Soria Gordon, Jose Manuel"]
[Result "0-1"]
[WhiteElo "2125"]
[BlackElo "1923"]
[PlyCount "75"]
[EventDate "2018.06.23"]

1. d4 Nf6 2. c4 b6 3. Nc3 Bb7 4. d5 e6 5. a3 Be7 6. e4 exd5 7. exd5 O-O 8. Nf3
d6 9. Bd3 Nbd7 10. O-O Ne5 11. Be2 Nxf3+ 12. Bxf3 Nd7 13. b4 Bf6 14. Bb2 a5 15.
Qc2 Ne5 16. Be2 Ng6 17. g3 Bc8 18. Rfe1 Bh3 19. Nb5 Re8 20. Bxf6 gxf6 21. Nd4
Qd7 22. Bd3 axb4 23. axb4 Rxa1 24. Rxa1 Qg4 25. Qc3 Nh4 26. f4 Kh8 27. Re1 Ra8
28. Bc2 Qg7 29. Nb5 Bg4 30. Nxc7 Nf3+ 31. Kf2 Nxe1 32. Nxa8 Nxc2 33. Qxc2 f5
34. Qd2 Qa1 35. Nxb6 Qh1 36. Ke3 Qe4+ 37. Kf2 Qf3+ 38. Kg1 0-1

[Event "CAMPEONATO DE EUSKADI DE VETERANOS"]
[Site "Zarauz"]
[Date "2018.06.23"]
[Round "6.2"]
[White "Arranz Arranz, Javier"]
[Black "Besga Lopez, Jose Angel"]
[Result "1/2-1/2"]
[WhiteElo "1838"]
[BlackElo "2111"]
[PlyCount "45"]
[EventDate "2018.06.23"]

1. e4 e5 2. Nc3 d6 3. f4 Nc6 4. Nf3 exf4 5. d4 Bg4 6. Bb5 a6 7. Bxc6+ bxc6 8.
Bxf4 Qf6 9. Be3 Bxf3 10. Qxf3 Qxf3 11. gxf3 g6 12. O-O-O Bh6 13. Rhe1 Bxe3+ 14.
Rxe3 Ne7 15. d5 cxd5 16. Nxd5 Nxd5 17. Rxd5 O-O 18. Rc3 Ra7 19. Rc6 f5 20. e5
dxe5 21. Rxe5 Kg7 22. Rec5 Rf7 23. Ra5 1/2-1/2

[Event "CAMPEONATO DE EUSKADI DE VETERANOS"]
[Site "Zarauz"]
[Date "2018.06.23"]
[Round "6.3"]
[White "Moreno Romero, Ernesto"]
[Black "Gomez Calvo, Jose Ricardo"]
[Result "0-1"]
[WhiteElo "1558"]
[BlackElo "1932"]
[PlyCount "46"]
[EventDate "2018.06.23"]

1. d4 d5 2. c4 e6 3. Nc3 Nf6 4. Nf3 Nbd7 5. Bf4 a6 6. cxd5 exd5 7. h3 Be7 8. e3
O-O 9. Bd3 Re8 10. g4 Nf8 11. Qc2 c6 12. Be5 b5 13. Nh2 Bb7 14. Bxf6 Bxf6 15.
f4 Bxd4 16. Nf1 Bxe3 17. Nxe3 Rxe3+ 18. Kf2 d4 19. Ne2 Qh4+ 20. Kg1 c5 21. Rh2
c4 22. Bxc4 bxc4 23. Nxd4 Re1+ 0-1

[Event "CAMPEONATO DE EUSKADI DE VETERANOS"]
[Site "Zarauz"]
[Date "2018.06.23"]
[Round "6.4"]
[White "Zubia Aramburu, Mikel"]
[Black "Fernandez De Pinedo Orive, Jose"]
[Result "0-1"]
[WhiteElo "1735"]
[BlackElo "1850"]
[PlyCount "100"]
[EventDate "2018.06.23"]

1. c4 Nf6 2. Nc3 e6 3. g3 d5 4. cxd5 exd5 5. d4 c6 6. Bg2 Bf5 7. Nf3 Nbd7 8.
O-O Bd6 9. Bg5 O-O 10. Rc1 h6 11. Bxf6 Qxf6 12. Nh4 Bh7 13. e4 dxe4 14. Nxe4
Bxe4 15. Bxe4 Rfe8 16. Bg2 Nb6 17. Qd3 Rad8 18. Rfe1 Bb4 19. Rxe8+ Rxe8 20. Nf3
Rd8 21. a3 Bf8 22. Qc3 Bd6 23. Qa5 Bb8 24. Qc5 Re8 25. Re1 Qd8 26. Rxe8+ Qxe8
27. Nh4 Qe6 28. Qa5 Nc4 29. Qc3 Nd6 30. Nf3 Nb5 31. Qd3 Nc7 32. Qe3 a6 33. Qxe6
Nxe6 34. Bh3 Nd8 35. Kf1 Ba7 36. Ke2 Kf8 37. Kd3 Ke7 38. Bc8 Kd6 39. Ne5 Kd5
40. Nf3 c5 41. dxc5 Bxc5 42. Ke2 a5 43. Nd2 Be7 44. f4 g6 45. Kd3 Bf6 46. b3
Be7 47. Nc4 b5 48. Nxa5 Bxa3 49. Bd7 Kc5 50. h3 Bb4 0-1

[Event "CAMPEONATO DE EUSKADI DE VETERANOS"]
[Site "Zarauz"]
[Date "2018.06.23"]
[Round "6.5"]
[White "Garcia Sanchez, Jose Manuel"]
[Black "Arrese-Igor Sanchez, Cesareo"]
[Result "1/2-1/2"]
[WhiteElo "1670"]
[BlackElo "1875"]
[PlyCount "69"]
[EventDate "2018.06.23"]

1. e4 c5 2. c3 Nf6 3. e5 Nd5 4. d4 cxd4 5. cxd4 d6 6. f4 Nc6 7. Nf3 Bf5 8. Bd3
Bxd3 9. Qxd3 Ndb4 10. Qd1 dxe5 11. fxe5 Nxd4 12. Nxd4 Qxd4 13. Qxd4 Nc2+ 14.
Kf2 Nxd4 15. Nc3 Rc8 16. Bf4 g6 17. Rhd1 Ne6 18. Bg3 h5 19. h3 Bh6 20. Rd3 Nf4
21. Rf3 Ne6 22. Rd1 b5 23. a3 a5 24. Kf1 Rc5 25. Rfd3 O-O 26. Rd7 b4 27. axb4
axb4 28. Nd5 Rc2 29. Nxb4 Rxb2 30. Nc6 Ra8 31. Nxe7+ Kg7 32. Bh4 Bg5 33. Bxg5
Nxg5 34. R7d2 Rxd2 35. Rxd2 1/2-1/2

[Event "CAMPEONATO DE EUSKADI DE VETERANOS"]
[Site "Zarauz"]
[Date "2018.06.23"]
[Round "6.6"]
[White "Feijoo Rubio, Jose Jorge"]
[Black "Ajubita Torrealdea, Jose A"]
[Result "0-1"]
[WhiteElo "1497"]
[BlackElo "1331"]
[PlyCount "64"]
[EventDate "2018.06.23"]

1. d4 d5 2. c4 Nf6 3. Nc3 e6 4. cxd5 exd5 5. Nf3 Bd6 6. Bg5 O-O 7. Nxd5 Nbd7 8.
e4 h6 9. e5 hxg5 10. Nxf6+ gxf6 11. exd6 Re8+ 12. Be2 cxd6 13. O-O Nf8 14. Re1
d5 15. Nd2 Kg7 16. Nb3 b6 17. Rc1 Ng6 18. Qc2 Rh8 19. Qc6 Be6 20. Qc7 Nf4 21.
Bf1 Qf8 22. Nd2 Bf5 23. Re7 Rc8 24. Qxc8 Bxc8 25. Rxa7 Qe8 26. Nf3 Ne2+ 27.
Bxe2 Qxe2 28. Re1 Qxb2 29. Kf1 Qb5+ 30. Kg1 Re8 31. a4 Rxe1+ 32. Nxe1 Qe2 0-1

[Event "CAMPEONATO DE EUSKADI DE VETERANOS"]
[Site "Zarauz"]
[Date "2018.06.23"]
[Round "6.7"]
[White "Saenz Zabala, Juan Ignacio"]
[Black "Martinez De Butron Alberdi, Luis"]
[Result "1/2-1/2"]
[WhiteElo "1651"]
[BlackElo "1559"]
[PlyCount "78"]
[EventDate "2018.06.23"]

1. e4 c6 2. f4 d5 3. Nf3 Bg4 4. e5 e6 5. h3 Bxf3 6. Qxf3 Qb6 7. d3 Nd7 8. c3 c5
9. Be2 Ne7 10. O-O O-O-O 11. Nd2 Nc6 12. Nb3 f6 13. Rb1 Be7 14. Bd2 h5 15. Be1
Rdf8 16. Bf2 Kb8 17. Nd2 Qc7 18. d4 f5 19. b4 c4 20. a4 g5 21. Be3 g4 22. Qf2
Rfg8 23. hxg4 hxg4 24. g3 Nf8 25. Kg2 Ng6 26. Rh1 Bd8 27. Rxh8 Rxh8 28. Rh1 Qg7
29. Qg1 Be7 30. Rxh8+ Qxh8 31. Qh2 Qxh2+ 32. Kxh2 Kc7 33. Nb1 b6 34. Bd2 a5 35.
b5 Nb4 36. cxb4 axb4 37. Kg2 c3 38. Nxc3 bxc3 39. Bxc3 Bd8 1/2-1/2

[Event "CAMPEONATO DE EUSKADI DE VETERANOS"]
[Site "Zarauz"]
[Date "2018.06.23"]
[Round "6.8"]
[White "Junquera Ciaurriz, Maria Teresa"]
[Black "Aizpurua Zufiria, Inaki"]
[Result "0-1"]
[WhiteElo "1435"]
[BlackElo "1449"]
[PlyCount "56"]
[EventDate "2018.06.23"]

1. c4 c5 2. Nc3 Nf6 3. Nf3 e6 4. g3 d5 5. cxd5 exd5 6. Bg2 d4 7. Nb1 Nc6 8. O-O
Be7 9. d3 O-O 10. Nbd2 Qc7 11. b3 b6 12. Bb2 Bb7 13. Rc1 Rad8 14. a3 h6 15. Nc4
Qb8 16. Nh4 Rd7 17. Nf5 Nd8 18. Nxe7+ Rxe7 19. f3 Rfe8 20. Rc2 Nd5 21. Rd2 b5
22. Na5 Ne3 23. Qc1 Nxf1 24. Nxb7 Nxd2 25. Nxc5 Rc7 26. b4 Nb3 27. Qd1 Nxc5 28.
bxc5 Ne6 {(Ilegible)} 0-1